000 09945nam a22007457a 4500
005 2010101908158.0
008 101019t xxu||||| |||| 00| 0 hin d
010 _aB-487916-952
020 _a9781259001208
_c175.00
035 _aB-487916-952
037 _bDBAD / PUB
037 _bरिसर्चो बुक सेंटर
040 _aDPL
_bHN
082 _a000
100 _923632
_aब्रायन, टैरी ओ'
245 _aट्वन्टी-20 G.K. प्रतियोगिता परीक्षाओं के लिए /
_cटैरी ओ' ब्रायन
260 _aनई दिल्ली
_bटाटा मेग्राहिल्स
_c2012
270 _bनई दिल्ली
_a7,वेस्ट पटेल नगर,
_e110008
300 1 _aवि.पृ.
_c22सेमी (अजिल्द)
490 _aTaTa Mcgraw-Hill we Series
_954942
650 _9657
650 _934273
700 _939143
710 _934811
_aतिवारी, सच्चिदानन्द
710 _935049
942 _2ddc
_cHN
_mब्रायन
_h000
999 _c73185
_d73185